Finish That Insult: Literature Quiz Stats

 Plays Quiz Updated Jul 8, 2016

Score 0/25 Timer 08:00
6 Plays Today
% Correct
All morons hate it when you call them a moron.
90%
there wouldn’t be enough to blow your hat off.
88.5%
You fleabitten fungus! … You bursting blister! You moth-eaten maggot!
88%
wants cutting.
86.6%
cheap stinking chip-oil?
86.4%
in being able to like such a stupid occupation.
86.3%
he’s an empty space disguised as a human.
86.2%
I don’t give a damn.
85.7%
a lovely corpse.
85.2%
I wouldn't let on.
84.3%
bloody, bloody thief!
81.5%
and with such little result.
81.4%
whom I could ever be prevailed on to marry.
79.6%
% Correct
I’ll give you two.
77.4%
it's a wonder your bums don't fall off.
77.1%
I do not like your face.
75%
which is the exact quantity the girl who marries you will need.
75%
No… right up to your nose… that’s much quieter.
73.5%
who’d have to steal the ring he put on her finger.
71.4%
a hole in the air.
69.7%
You’re only a case of arrested development.
69%
without brains or backbone.
68.7%
A third-rate actress with a pretty face.
67%
for seven generations!
62.7%
It's like God left some part of you out when He built you inside of me.
54.8%

You're not logged in!

Compare scores with friends on all Sporcle quizzes.
OR
Log In

Sporcle TV

Today on Sporcle TV


Watch our educational content, quiz creation guides, and fun videos on Sporcle TV.

Show Comments

Extras

Top Quizzes Today


Score Distribution

Your Account Isn't Verified!

In order to create a playlist on Sporcle, you need to verify the email address you used during registration. Go to your Sporcle Settings to finish the process.

Report this User

Report this user for behavior that violates our Community Guidelines.

Details: